Miss fortune / (Record no. 6241)

MARC details
000 -LEADER
fixed length control field 00986nam a22002897a 4500
001 - CONTROL NUMBER
control field 6241
003 - CONTROL NUMBER IDENTIFIER
control field FISKH
005 - DATE AND TIME OF LATEST TRANSACTION
control field 20250404090537.0
008 - FIXED-LENGTH DATA ELEMENTS--GENERAL INFORMATION
fixed length control field 250404b cb ||||| |||| 00| 0 eng d
020 ## - INTERNATIONAL STANDARD BOOK NUMBER
International Standard Book Number 9780545202664
040 ## - CATALOGING SOURCE
Original cataloging agency FISKH
Language of cataloging eng
Transcribing agency FISKH
Modifying agency FISKH
050 ## - LIBRARY OF CONGRESS CALL NUMBER
Classification number PZ7.D74428 M
082 ## - DEWEY DECIMAL CLASSIFICATION NUMBER
Classification number 597
100 ## - MAIN ENTRY--PERSONAL NAME
Personal name Dougherty, Brandi
245 ## - TITLE STATEMENT
Title Miss fortune /
Statement of responsibility, etc. by Brandi Dougherty
250 ## - EDITION STATEMENT
Edition statement This edition first published in 2010
260 ## - PUBLICATION, DISTRIBUTION, ETC.
Place of publication, distribution, etc. New York :
Name of publisher, distributor, etc. Scholastic,
Date of publication, distribution, etc. 2010
300 ## - PHYSICAL DESCRIPTION
Extent 168 pages :
Dimensions 20 cm
505 ## - FORMATTED CONTENTS NOTE
Formatted contents note R<br/>
520 ## - SUMMARY, ETC.
Summary, etc. When a skeptical Zoe has her fortune told at a carnival, and the fortune-teller gives her a special necklace, she starts a run of bad luck that leads her to believe she may be under a curse and that something terrible may be about to happen.<br/>
521 8# - TARGET AUDIENCE NOTE
Target audience note 680<br/>
Source Lexile<br/>
521 8# - TARGET AUDIENCE NOTE
Target audience note R<br/>
Source Raz-Plus<br/>
650 ## - SUBJECT ADDED ENTRY--TOPICAL TERM
Source of heading or term Poison Apple
Topical term or geographic name entry element Horror
650 ## - SUBJECT ADDED ENTRY--TOPICAL TERM
Source of heading or term Paranormal fiction
Topical term or geographic name entry element Spring13
942 ## - ADDED ENTRY ELEMENTS (KOHA)
Source of classification or shelving scheme Dewey Decimal Classification
Koha item type Books
Suppress in OPAC No
Holdings
Withdrawn status Lost status Source of classification or shelving scheme Damaged status Not for loan Collection Home library Current library Shelving location Date acquired Total Checkouts Full call number Barcode Date last seen Copy number Price effective from Koha item type Date last checked out
    Dewey Decimal Classification     Juvenile Fiction Footprints International School Library Network Toul Tom Poung Campus Footprints International School Library Network Toul Tom Poung Campus TTP Primary Orange Bookshelves 04/04/2025   DOU 597 PZ7.D74428 M 2025-0962 04/04/2025 1 04/04/2025 Books  
    Dewey Decimal Classification     Juvenile Fiction Footprints International School Library Network Toul Tom Poung Campus Footprints International School Library Network Toul Tom Poung Campus TTP Primary Orange Bookshelves 07/16/2025 1 DOU 597 PZ7.D74428 M FISOO977 12/09/2025 2 07/16/2025 Books 10/08/2025